Combien de ville du Gard (30) connais-tu ? - Statistiques

Statistiques générales
  • Ce quiz a été pris 17 fois
  • Le résultat moyen est 31 sur 351
Statistiques - réponses
Code postal Ville % Correct
30942 Nîmes
93%
30100 Alès
86%
30701 Uzès
79%
30140 Anduze
50%
30620 Bernis
50%
30310 Vergèze
50%
30921 Aigues-Mortes
43%
30922 Beaucaire
43%
30240 Grau-du-Roi
43%
30320 Marguerittes
43%
30250 Sommières
43%
30620 Aubord
36%
30200 Bagnols-sur-Cèze
36%
30260 Quissac
36%
30600 Vauvert
36%
30360 Vézénobres
36%
30470 Aimargues
29%
30640 Beauvoisin
29%
30127 Bellegarde
29%
30420 Calvisson
29%
30820 Caveirac
29%
30920 Codognan
29%
30129 Manduel
29%
30320 Poulx
29%
30720 Ribaute-les-Tavernes
29%
30650 Rochefort-du-Gard
29%
30340 Rousson
29%
30980 Saint-Dionisy
29%
30800 Saint-Gilles
29%
30270 Saint-Jean-du-Gard
29%
30730 Saint-Mamert-du-Gard
29%
30340 Salindres
29%
30610 Sauve
29%
30620 Uchaud
29%
30120 Vigan
29%
30400 Villeneuve-lès-Avignon
29%
30670 Aigues-Vives
21%
30500 Allègre-les-Fumades
21%
30390 Aramon
21%
30430 Barjac
21%
30320 Bezouce
21%
30132 Caissargues
21%
30260 Cannes-et-Clairan
21%
30480 Cendras
21%
30870 Clarensac
21%
30111 Congénies
21%
30300 Fourques
21%
30660 Gallargues-le-Montueux
21%
30450 Génolhac
21%
30300 Jonquières-Saint-Vincent
21%
30540 Milhaud
21%
30730 Montpezat
21%
30360 Ners
21%
30129 Redessan
21%
30230 Rodilhan
21%
30500 Saint-Ambroix
21%
30210 Saint-Bonnet-du-Gard
21%
30210 Vers-Pont-du-Gard
21%
30760 Aiguèze
14%
30250 Aspères
14%
30250 Aubais
14%
30250 Aujargues
14%
30140 Bagard
14%
30160 Bessèges
14%
30230 Bouillargues
14%
30110 Branoux-les-Taillades
14%
30190 Brignon
14%
30210 Cabrières
14%
30210 Castillon-du-Gard
14%
30210 Collias
14%
30300 Comps
14%
30190 Dions
14%
30390 Estézargues
14%
30730 Fons
14%
30128 Garons
14%
30510 Générac
14%
30140 Générargues
14%
30110 Grand-Combe
14%
30250 Junas
14%
30350 Lézan
14%
30340 Méjannes-lès-Alès
14%
30140 Mialet
14%
30340 Mons
14%
30350 Montagnac
14%
30121 Mus
14%
30730 Parignargues
14%
30210 Remoulins
14%
30150 Roquemaure
14%
30570 Saint-André-de-Majencoules
14%
30190 Saint-Chaptes
14%
30190 Sainte-Anastasie
14%
30190 Saint-Geniès-de-Malgoirès
14%
30320 Saint-Gervasy
14%
30560 Saint-Hilaire-de-Brethmas
14%
30170 Saint-Hippolyte-du-Fort
14%
30340 Saint-Julien-les-Rosiers
14%
30200 Saint-Nazaire
14%
30340 Saint-Privat-des-Vieux
14%
30125 Saumane
14%
30250 Villevieille
14%
30700 Aigaliers
7%
30350 Aigremont
7%
30770 Alzon
7%
30133 Angles
7%
30210 Argilliers
7%
30120 Arphy
7%
30120 Arre
7%
30770 Arrigas
7%
30190 Aubussargues
7%
30450 Aujac
7%
30120 Aulas
7%
30770 Aumessas
7%
30120 Avèze
7%
30700 Baron
7%
30330 Bastide-d'Engras
7%
30580 Belvézet
7%
30120 Bez-et-Esparon
7%
30770 Blandas
7%
30700 Blauzac
7%
30140 Boisset-et-Gaujac
7%
30580 Bouquet
7%
30260 Bragassargues
7%
30580 Brouzet-lès-Alès
7%
30740 Cailar
7%
30190 Calmette
7%
30260 Carnas
7%
30350 Cassagnoles
7%
30330 Cavillargues
7%
30530 Chamborigaud
7%
30250 Combas
7%
30170 Conqueyrac
7%
30260 Crespian
7%
30360 Deaux
7%
30350 Domessargues
7%
30170 Durfort-et-Saint-Martin-de-Sossenac
7%
30360 Euzet
7%
30250 Fontanès
7%
30160 Gagnières
7%
30260 Gailhan
7%
30730 Gajan
7%
30190 Garrigues-Sainte-Eulalie
7%
30980 Langlade
7%
30460 Lasalle
7%
30290 Laudun-l'Ardoise
7%
30110 Laval-Pradel
7%
30250 Lecques
7%
30210 Lédenon
7%
30350 Lédignan
7%
30260 Liouc
7%
30120 Mandagout
7%
30360 Martignargues
7%
30430 Méjannes-le-Clap
7%
30840 Meynes
7%
30170 Monoblet
7%
30700 Montaren-et-Saint-Médiers
7%
30360 Monteils
7%
30490 Montfrin
7%
30190 Montignargues
7%
30260 Montmirat
7%
30350 Moulézan
7%
30190 Moussac
7%
30114 Nages-et-Solorgues
7%
30580 Navacelles
7%
30170 Pompignan
7%
30130 Pont-Saint-Esprit
7%
30530 Portes
7%
30500 Potelières
7%
30210 Pouzilhac
7%
30610 Puechredon
7%
30430 Rivières
7%
30940 Saint-André-de-Valborgne
7%
30350 Saint-Bénézet
7%
30380 Saint-Christol-lez-Alès
7%
30260 Saint-Clément
7%
30870 Saint-Côme-et-Maruéjols
7%
30500 Saint-Denis
7%
30210 Saint-Hilaire-d'Ozilhan
7%
30140 Saint-Jean-du-Pin
7%
30220 Saint-Laurent-d'Aigouze
7%
30520 Saint-Martin-de-Valgalgues
7%
30700 Saint-Siffret
7%
30260 Saint-Théodorit
7%
30290 Saint-Victor-la-Coste
7%
30250 Salinelles
7%
30190 Sauzet
7%
30650 Saze
7%
30210 Sernhac
7%
30340 Servas
7%
30580 Seynes
7%
30250 Souvignargues
7%
30440 Sumène
7%
30126 Tavel
7%
30390 Théziers
7%
30140 Thoiras
7%
30140 Tornac
7%
30300 Vallabrègues
7%
30260 Vic-le-Fesq
7%
30700 Arpaillargues-et-Aureillac
0%
30114 Boissières
0%
30450 Bonnevaux
0%
30160 Bordezac
0%
30190 Boucoiran-et-Nozières
0%
30190 Bourdic
0%
30120 Bréau-Mars
0%
30260 Brouzet-lès-Quissac
0%
30580 Bruguière
0%
30170 Cadière-et-Cambo
0%
30770 Campestre-et-Luc
0%
30350 Canaules-et-Argentières
0%
30700 Capelle-et-Masmolène
0%
30350 Cardet
0%
30130 Carsan
0%
30190 Castelnau-Valence
0%
30750 Causse-Bégon
0%
30450 Chambon
0%
30200 Chusclan
0%
30200 Codolet
0%
30190 Collorgues
0%
30460 Colognac
0%
30450 Concoules
0%
30330 Connaux
0%
30140 Corbès
0%
30260 Corconne
0%
30630 Cornillon
0%
30500 Courry
0%
30170 Cros
0%
30360 Cruviers-Lascours
0%
30390 Domazan
0%
30750 Dourbies
0%
30124 Estréchure
0%
30700 Flaux
0%
30700 Foissac
0%
30580 Fons-sur-Lussan
0%
30580 Fontarèches
0%
30210 Fournès
0%
30170 Fressac
0%
30760 Garn
0%
30330 Gaujac
0%
30630 Goudargues
0%
30760 Issirac
0%
30110 Lamelouze
0%
30750 Lanuéjols
0%
30760 Laval-Saint-Roman
0%
30126 Lirac
0%
30610 Logrian-Florian
0%
30580 Lussan
0%
30960 Mages
0%
30450 Malons-et-Elze
0%
30960 Martinet
0%
30350 Maruéjols-lès-Gardon
0%
30350 Massanes
0%
30140 Massillargues-Attuech
0%
30350 Mauressargues
0%
30410 Meyrannes
0%
30120 Molières-Cavaillac
0%
30410 Molières-sur-Cèze
0%
30630 Montclus
0%
30120 Montdardier
0%
30150 Montfaucon
0%
30200 Orsan
0%
30260 Orthoux-Sérignac-Quilhan
0%
30160 Peyremale
0%
30124 Peyrolles
0%
30330 Pin
0%
30340 Plans
0%
30122 Plantiers
0%
30120 Pommiers
0%
30450 Ponteils-et-Brésis
0%
30330 Pougnadoresse
0%
30131 Pujaut
0%
30750 Revens
0%
30160 Robiac-Rochessadoule
0%
30430 Rochegude
0%
30120 Rogues
0%
30440 Roquedur
0%
30200 Roque-sur-Cèze
0%
30190 Rouvière
0%
30200 Sabran
0%
30130 Saint-Alexandre
0%
30630 Saint-André-de-Roquepertuis
0%
30330 Saint-André-d'Olérargues
0%
30730 Saint-Bauzély
0%
30460 Saint-Bonnet-de-Salendrinque
0%
30500 Saint-Brès
0%
30440 Saint-Bresson
0%
30360 Saint-Césaire-de-Gauzignan
0%
30760 Saint-Christol-de-Rodières
0%
30190 Saint-Dézéry
0%
30110 Sainte-Cécile-d'Andorge
0%
30460 Sainte-Croix-de-Caderle
0%
30360 Saint-Étienne-de-l'Olm
0%
30200 Saint-Étienne-des-Sorts
0%
30140 Saint-Félix-de-Pallières
0%
30960 Saint-Florent-sur-Auzonnet
0%
30150 Saint-Geniès-de-Comolas
0%
30200 Saint-Gervais
0%
30360 Saint-Hippolyte-de-Caton
0%
30700 Saint-Hippolyte-de-Montaigu
0%
30360 Saint-Jean-de-Ceyrargues
0%
30610 Saint-Jean-de-Crieulon
0%
30430 Saint-Jean-de-Maruéjols-et-Avéjan
0%
30350 Saint-Jean-de-Serres
0%
30960 Saint-Jean-de-Valériscle
0%
30500 Saint-Julien-de-Cassagnas
0%
30440 Saint-Julien-de-la-Nef
0%
30760 Saint-Julien-de-Peyrolas
0%
30580 Saint-Just-et-Vacquières
0%
30200 Saint-Laurent-de-Carnols
0%
30126 Saint-Laurent-des-Arbres
0%
30330 Saint-Laurent-la-Vernède
0%
30440 Saint-Laurent-le-Minier
0%
30330 Saint-Marcel-de-Careiret
0%
30440 Saint-Martial
0%
30360 Saint-Maurice-de-Cazevieille
0%
30700 Saint-Maximin
0%
30200 Saint-Michel-d'Euzet
0%
30610 Saint-Nazaire-des-Gardies
0%
30130 Saint-Paulet-de-Caisson
0%
30480 Saint-Paul-la-Coste
0%
30330 Saint-Paul-les-Fonts
0%
30330 Saint-Pons-la-Calm
0%
30430 Saint-Privat-de-Champclos
0%
30700 Saint-Quentin-la-Poterie
0%
30440 Saint-Roman-de-Codières
0%
30750 Saint-Sauveur-Camprieu
0%
30140 Saint-Sébastien-d'Aigrefeuille
0%
30500 Saint-Victor-de-Malcap
0%
30700 Saint-Victor-des-Oules
0%
30760 Salazac
0%
30110 Salles-du-Gardon
0%
30700 Sanilhac-Sagriès
0%
30260 Sardan
0%
30150 Sauveterre
0%
30350 Savignargues
0%
30450 Sénéchas
0%
30700 Serviers-et-Labaume
0%
30460 Soudorgues
0%
30110 Soustelle
0%
30430 Tharaux
0%
30330 Tresques
0%
30750 Trèves
0%
30460 Vabres
0%
30570 Val-d'Aigoual
0%
30700 Vallabrix
0%
30580 Vallérargues
0%
30210 Valliguières
0%
30200 Vénéjan
0%
30630 Verfeuil
0%
30530 Vernarède
0%
30600 Vestric-et-Candiac
0%
30770 Vissec
0%
Aucun quiz correspondant
Distribution des résultats
% des personnes avec chaque résultat
Percentile par nombre de réponses
Votre historique - résultats
Vous n’avez pas pris ce quiz